[Event "Wch Juvenil 2013 sub-16 femenino"]
[Site "Al-Ain UAE"]
[Date "2013.12.28"]
[Round "11.12"]
[White "Paredes Bustamante, Paula"]
[Black "Parnali, S Dharia"]
[Result "0-1"]
[WhiteElo "1994"]
[BlackElo "1895"]
[PlyCount "110"]
[EventDate "2013.12.19"]
[EventType "swiss"]
[EventRounds "11"]
[EventCountry "UAE"]
[Source "lmi"]
[SourceDate "2013.12.19"]

1. e4 c5 2. Nf3 Nc6 3. d4 cxd4 4. Nxd4 Nf6 5. Nc3 e5 6. Ndb5 d6 7. Bg5 a6 8.
Na3 b5 9. Bxf6 gxf6 10. Nd5 Bg7 11. c3 f5 12. exf5 Bxf5 13. Ne3 Be6 14. g3 O-O
15. Bg2 Rc8 16. O-O Qd7 17. Qh5 Ne7 18. Nac2 Rc5 19. Rad1 f5 20. Nb4 e4 21. f4
a5 22. Nbc2 Bxa2 23. Qe2 Bb3 24. Rd2 Qa7 25. Nd4 Bc4 26. Nxc4 Rxc4 27. Rfd1 Nc6
28. Qe3 Nxd4 29. cxd4 Rb4 30. g4 fxg4 31. Qxe4 Qf7 32. Kh1 Kh8 33. Rf1 Qf6 34.
Qc6 Rxd4 35. Rxd4 Qxd4 36. Qxb5 Rxf4 37. Rc1 Rf8 38. Qxa5 Be5 39. Qe1 Qf4 40.
Qg1 Bd4 41. Qe1 Bxb2 42. Rd1 Be5 43. Qg1 Qh6 44. Bf1 Qh4 45. Bg2 Qh6 46. Bf1
Qf4 47. Bg2 Rf6 48. Rf1 Qh6 49. Rb1 Qh4 50. Rb8+ Kg7 51. Rb7+ Rf7 52. Rxf7+
Kxf7 53. Bd5+ Kf6 54. Bg2 Qg5 55. Be4 h5 0-1

[Event "Wch Juvenil 2013 sub-16 femenino"]
[Site "Al-Ain UAE"]
[Date "2013.12.28"]
[Round "11.13"]
[White "Shakhmurzova, Fatima"]
[Black "Fiadosenka, Rahneda"]
[Result "1/2-1/2"]
[WhiteElo "1983"]
[BlackElo "1845"]
[PlyCount "57"]
[EventDate "2013.12.19"]
[EventType "swiss"]
[EventRounds "11"]
[EventCountry "UAE"]
[Source "lmi"]
[SourceDate "2013.12.19"]

1. e4 c5 2. Nf3 Nc6 3. d4 cxd4 4. Nxd4 Nf6 5. Nc3 e5 6. Ndb5 d6 7. Bg5 a6 8.
Na3 Be6 9. Bxf6 gxf6 10. g3 Nd4 11. Bg2 Rc8 12. Nd5 Bxd5 13. exd5 Qb6 14. Rb1
Nb5 15. Nxb5 Qxb5 16. c3 Bh6 17. Bf1 Qa5 18. Bh3 Rc4 19. O-O Qxa2 20. Qf3 Bg7
21. b3 Rc7 22. Bf5 Qd2 23. c4 O-O 24. Rbd1 Qb4 25. Rfe1 b5 26. Bd3 Rfc8 27. Qf5
h6 28. Rb1 Qd2 29. Red1 1/2-1/2

[Event "Wch Juvenil 2013 sub-16 femenino"]
[Site "Al-Ain UAE"]
[Date "2013.12.28"]
[Round "11.14"]
[White "Wafa, Shahenda"]
[Black "Franca, Veronika"]
[Result "1-0"]
[WhiteElo "1883"]
[BlackElo "1965"]
[PlyCount "75"]
[EventDate "2013.12.19"]
[EventType "swiss"]
[EventRounds "11"]
[EventCountry "UAE"]
[Source "lmi"]
[SourceDate "2013.12.19"]

1. e4 c5 2. Nf3 d6 3. d4 cxd4 4. Nxd4 Nf6 5. Nc3 g6 6. Be3 Bg7 7. f3 Nc6 8. Qd2
O-O 9. g4 Qa5 10. Nb3 Qc7 11. h4 Ne5 12. Be2 Be6 13. h5 Rfc8 14. Bh6 Bh8 15.
Nd4 Bc4 16. O-O-O Bxe2 17. Qxe2 Nc4 18. Ndb5 Qa5 19. hxg6 fxg6 20. e5 Qb4 21.
b3 Nxe5 22. f4 Nf7 23. Rd4 Qa5 24. Ra4 Qd8 25. g5 Nd7 26. Nd5 e5 27. Rf1 a6 28.
Nbc3 Rc5 29. fxe5 Bxe5 30. Qe3 Rac8 31. Rc4 Rxc4 32. bxc4 Nxh6 33. gxh6 Rxc4
34. Ne4 Qh4 35. Nxd6 Bxd6 36. Qe6+ Kh8 37. Qe8+ Nf8 38. Rxf8+ 1-0

[Event "Wch Juvenil 2013 sub-16 femenino"]
[Site "Al-Ain UAE"]
[Date "2013.12.28"]
[Round "11.15"]
[White "Mendoza, Shania Mae"]
[Black "Serefidou, Despina"]
[Result "1-0"]
[WhiteElo "1867"]
[BlackElo "1958"]
[PlyCount "83"]
[EventDate "2013.12.19"]
[EventType "swiss"]
[EventRounds "11"]
[EventCountry "UAE"]
[Source "lmi"]
[SourceDate "2013.12.19"]

1. e4 c5 2. Nf3 d6 3. d4 cxd4 4. Nxd4 Nf6 5. Nc3 a6 6. Be2 e6 7. Be3 Be7 8. Qd2
O-O 9. f3 Qc7 10. O-O Nbd7 11. Rad1 Ne5 12. Kh1 Nc4 13. Bxc4 Qxc4 14. Qe2 Qc7
15. Nb3 b5 16. a3 Bb7 17. Rfe1 d5 18. exd5 Nxd5 19. Nxd5 Bxd5 20. Nd4 Rac8 21.
Qf2 Rfe8 22. c3 Qb8 23. Nf5 Bf8 24. Nd4 Be7 25. Nf5 Bf8 26. Nd4 Rc4 27. Rd2 Bd6
28. g3 Qb7 29. Kg1 Ra4 30. f4 Be7 31. Nc2 Rc8 32. Bd4 Rd8 33. Nb4 Bxb4 34. cxb4
Rb8 35. Bc3 a5 36. Qd4 f5 37. Qe5 axb4 38. Bxb4 Ra6 39. Rc1 Rc8 40. Rxc8+ Qxc8
41. Bc3 Qb7 42. Rxd5 1-0

[Event "Wch Juvenil 2013 sub-16 femenino"]
[Site "Al-Ain UAE"]
[Date "2013.12.28"]
[Round "11.16"]
[White "Tursunova, Shakhnoza"]
[Black "Hiebler, Laura"]
[Result "1-0"]
[WhiteElo "1937"]
[BlackElo "1840"]
[PlyCount "63"]
[EventDate "2013.12.19"]
[EventType "swiss"]
[EventRounds "11"]
[EventCountry "UAE"]
[Source "lmi"]
[SourceDate "2013.12.19"]

1. e4 e6 2. d3 d5 3. Nd2 c5 4. g3 g6 5. Bg2 Bg7 6. Ne2 Ne7 7. O-O O-O 8. Rb1
Nbc6 9. f4 b6 10. h3 e5 11. exd5 Nxd5 12. Nc4 Bb7 13. fxe5 Nxe5 14. Nxe5 Bxe5
15. c4 Qd7 16. cxd5 Bxd5 17. Bxd5 Qxd5 18. Nc3 Qd7 19. Kg2 Rad8 20. Bh6 Rfe8
21. Qf3 f5 22. Rbd1 Qe6 23. Rf2 Rd7 24. Bf4 Bxc3 25. bxc3 Qf6 26. Rc2 Kg7 27.
h4 h6 28. d4 cxd4 29. cxd4 Qd8 30. Qc3 Kh7 31. d5 Qa8 32. Qc6 1-0

[Event "Wch Juvenil 2013 sub-16 femenino"]
[Site "Al-Ain UAE"]
[Date "2013.12.28"]
[Round "11.17"]
[White "Baghirova, Khatin"]
[Black "Drogovoz, Maria"]
[Result "0-1"]
[WhiteElo "1838"]
[BlackElo "1898"]
[PlyCount "102"]
[EventDate "2013.12.19"]
[EventType "swiss"]
[EventRounds "11"]
[EventCountry "UAE"]
[Source "lmi"]
[SourceDate "2013.12.19"]

1. e4 c5 2. Nf3 Nc6 3. d4 cxd4 4. Nxd4 e5 5. Nb5 d6 6. N1c3 a6 7. Na3 b5 8. Nd5
Nce7 9. c4 Nxd5 10. cxd5 Nf6 11. Bd3 Be7 12. O-O O-O 13. Nc2 Bb7 14. Ne3 g6 15.
Qe2 Nh5 16. Nf5 Bf6 17. g3 Kh8 18. Qf3 Bc8 19. Nh6 Kg7 20. Ng4 Bg5 21. Ne3 Qf6
22. Qxf6+ Bxf6 23. a4 Bd7 24. axb5 axb5 25. Bd2 Rfc8 26. Ra3 Be7 27. Rfa1 Rxa3
28. Rxa3 Rc7 29. Ra6 Nf6 30. Bb4 Ne8 31. Rb6 Rc1+ 32. Kg2 Bd8 33. Rb7 Bc7 34.
Nc2 f5 35. exf5 Bxf5 36. Bxf5 gxf5 37. Na3 Kg6 38. Nxb5 Rc4 39. Ba3 e4 40. Nxc7
Nxc7 41. Bxd6 Nxd5 42. Be5 Rc2 43. Rg7+ Kh6 44. Rg8 e3 45. Rd8 Rxf2+ 46. Kg1
Rd2 47. Rd6+ Kg5 48. h3 f4 49. gxf4+ Nxf4 50. Bxf4+ Kxf4 51. Rf6+ Kg3 0-1

[Event "Wch Juvenil 2013 sub-16 femenino"]
[Site "Al-Ain UAE"]
[Date "2013.12.28"]
[Round "11.18"]
[White "Paramzina, Anastasya"]
[Black "Imanly, Magrura"]
[Result "1/2-1/2"]
[WhiteElo "2111"]
[BlackElo "1786"]
[PlyCount "134"]
[EventDate "2013.12.19"]
[EventType "swiss"]
[EventRounds "11"]
[EventCountry "UAE"]
[Source "lmi"]
[SourceDate "2013.12.19"]

1. e4 e6 2. d4 d5 3. Nc3 Bb4 4. e5 c5 5. a3 Bxc3+ 6. bxc3 Ne7 7. Qg4 Kf8 8. Nf3
Qa5 9. Bd2 Qa4 10. Ra2 Nbc6 11. Bd3 Nf5 12. Qf4 c4 13. Be2 h5 14. O-O Bd7 15.
Ng5 Ke7 16. Nh3 Raf8 17. Bc1 Kd8 18. Qg5+ f6 19. exf6 gxf6 20. Qd2 Rfg8 21. Nf4
h4 22. Kh1 Qa5 23. Re1 Kc8 24. Bf3 Nd8 25. h3 Nd6 26. a4 f5 27. Ba3 Ne4 28.
Bxe4 fxe4 29. Bb4 Qc7 30. Be7 Nc6 31. Bf6 Rh7 32. Rf1 Qd6 33. f3 Qf8 34. Be5
Nxe5 35. dxe5 exf3 36. Rxf3 Qc5 37. Ra1 Rhg7 38. Rf2 Rg3 39. Qd4 Qxd4 40. cxd4
Rf8 41. a5 Rgg8 42. Raf1 b6 43. axb6 axb6 44. Kg1 Kb7 45. c3 b5 46. Nxe6 Rxf2
47. Nc5+ Kc6 48. Rxf2 Bxh3 49. Kh2 Bc8 50. Rf3 Re8 51. Rf6+ Kc7 52. Rh6 b4 53.
cxb4 c3 54. b5 Bd7 55. b6+ Kc8 56. Rh7 Bb5 57. Nb3 Bc4 58. Nc5 Bb5 59. Ra7 Kb8
60. Ra2 Rc8 61. e6 Rxc5 62. dxc5 d4 63. Rf2 d3 64. Rf8+ Kb7 65. Rf7+ Kb8 66.
Rf8+ Kb7 67. Rf7+ Kb8 1/2-1/2

[Event "Wch Juvenil 2013 sub-16 femenino"]
[Site "Al-Ain UAE"]
[Date "2013.12.28"]
[Round "11.19"]
[White "Malassagne, Isabelle"]
[Black "Grgic, Neomi"]
[Result "1-0"]
[WhiteElo "2043"]
[BlackElo "1882"]
[PlyCount "103"]
[EventDate "2013.12.19"]
[EventType "swiss"]
[EventRounds "11"]
[EventCountry "UAE"]
[Source "lmi"]
[SourceDate "2013.12.19"]

1. d4 Nf6 2. c4 e6 3. g3 Be7 4. Bg2 O-O 5. Nf3 d5 6. O-O b6 7. cxd5 Nxd5 8. e4
Nf6 9. Nc3 Bb7 10. Re1 Re8 11. Bf4 c5 12. Rc1 cxd4 13. Nxd4 a6 14. Nb3 Nfd7 15.
Re2 Bg5 16. Bxg5 Qxg5 17. Rd2 Nc5 18. Nxc5 bxc5 19. Na4 Bc6 20. Nxc5 Ra7 21.
Rc3 Rc7 22. Nb3 h6 23. Rc5 Qe7 24. Qc1 Rd7 25. Rxc6 Rxd2 26. Nxd2 Nxc6 27. Qxc6
Rd8 28. Nb3 Qf6 29. Qc2 Qe5 30. Bf3 a5 31. Qc5 Qxb2 32. Qxa5 Rc8 33. e5 Qb1+
34. Kg2 g6 35. Nc5 Rb8 36. Nd7 Qb5 37. Qd2 Rc8 38. Nf6+ Kg7 39. Ng4 g5 40. h4
Qb1 41. hxg5 hxg5 42. Qxg5+ Qg6 43. Qxg6+ fxg6 44. Bd1 Ra8 45. Bb3 Ra6 46. Nf6
g5 47. Ne4 Kg6 48. f4 gxf4 49. gxf4 Kf5 50. Kf3 Ra3 51. Ng5 Kg6 52. Nxe6 1-0

[Event "Wch Juvenil 2013 sub-16 femenino"]
[Site "Al-Ain UAE"]
[Date "2013.12.28"]
[Round "11.20"]
[White "Vidic, Teja"]
[Black "Zahn, Alina"]
[Result "1-0"]
[WhiteElo "1882"]
[BlackElo "1983"]
[PlyCount "87"]
[EventDate "2013.12.19"]
[EventType "swiss"]
[EventRounds "11"]
[EventCountry "UAE"]
[Source "lmi"]
[SourceDate "2013.12.19"]

1. e4 e5 2. Nf3 Nc6 3. Bb5 a6 4. Ba4 Nf6 5. O-O b5 6. Bb3 Be7 7. Re1 O-O 8. c3
d5 9. exd5 Nxd5 10. Nxe5 Nxe5 11. Rxe5 c6 12. Bxd5 cxd5 13. d4 Bd6 14. Re1 Qh4
15. g3 Qh3 16. Be3 Bg4 17. Qd3 f5 18. f4 Rae8 19. Nd2 g5 20. Qf1 Qh5 21. a4 Re6
22. axb5 axb5 23. Qg2 Re4 24. Nxe4 dxe4 25. Qf1 Bf3 26. Qxb5 Bxf4 27. Bxf4 gxf4
28. Ra7 Qh6 29. Qd5+ Kh8 30. Qe5+ Kg8 31. Qd5+ Kh8 32. Qe5+ Kg8 33. Qxf4 Qxf4
34. gxf4 Rf6 35. Kf2 Rh6 36. Rg1+ Kf8 37. d5 Rxh2+ 38. Ke3 Re2+ 39. Kd4 Rd2+
40. Ke5 e3 41. c4 Rxb2 42. d6 Rd2 43. Ke6 Rd4 44. Rf7+ 1-0

[Event "Wch Juvenil 2013 sub-16 femenino"]
[Site "Al-Ain UAE"]
[Date "2013.12.28"]
[Round "11.21"]
[White "Xiang, Ellen"]
[Black "Baldi, Valentine"]
[Result "1-0"]
[WhiteElo "1954"]
[BlackElo "1877"]
[PlyCount "83"]
[EventDate "2013.12.19"]
[EventType "swiss"]
[EventRounds "11"]
[EventCountry "UAE"]
[Source "lmi"]
[SourceDate "2013.12.19"]

1. d4 d5 2. c4 Bf5 3. Nf3 dxc4 4. e3 e6 5. Bxc4 c6 6. Nc3 Nf6 7. O-O Be7 8. Re1
O-O 9. e4 Bg4 10. Be3 Qc7 11. Qb3 Nbd7 12. Rac1 Qb6 13. Qc2 Qa5 14. e5 Nd5 15.
Nxd5 exd5 16. Bd3 h6 17. h3 Be6 18. g4 c5 19. Kh2 Rac8 20. Bf5 Rc6 21. Qb1 Qc7
22. Rg1 cxd4 23. Bxd4 Bc5 24. Bxc5 Rxc5 25. Rxc5 Qxc5 26. Qc2 Qxc2 27. Bxc2 Rc8
28. Bb3 Nc5 29. Rc1 b6 30. Nd4 Rd8 31. Nc6 Rd7 32. Rd1 Kf8 33. f4 Nxb3 34. axb3
g6 35. Kg3 Kg7 36. Kf3 h5 37. Nd4 hxg4+ 38. hxg4 Rd8 39. Rc1 Rh8 40. Kg3 Rc8
41. Nxe6+ fxe6 42. Rxc8 1-0

[Event "Wch Juvenil 2013 sub-16 femenino"]
[Site "Al-Ain UAE"]
[Date "2013.12.28"]
[Round "11.22"]
[White "Hua, Margaret"]
[Black "Patel, Yesim"]
[Result "1/2-1/2"]
[WhiteElo "1922"]
[BlackElo "1860"]
[PlyCount "92"]
[EventDate "2013.12.19"]
[EventType "swiss"]
[EventRounds "11"]
[EventCountry "UAE"]
[Source "lmi"]
[SourceDate "2013.12.19"]

1. e4 c5 2. Nf3 Nc6 3. d4 cxd4 4. Nxd4 e5 5. Nb5 d6 6. N1c3 a6 7. Na3 b5 8. Nd5
Nce7 9. c4 Nxd5 10. exd5 bxc4 11. Nxc4 Be7 12. Be3 Rb8 13. Be2 f5 14. Rc1 Nf6
15. Ba7 Ra8 16. Nb6 Bb7 17. Qa4+ Kf7 18. Nxa8 Qxa8 19. Be3 Rb8 20. O-O f4 21.
Bd2 Bxd5 22. Bc4 Rxb2 23. Bc3 Rb8 24. Rfd1 Kf8 25. Bxd5 Nxd5 26. Qe4 Nf6 27.
Qxa8 Rxa8 28. Bb4 Ne8 29. Rd5 Kf7 30. Rc6 Ra7 31. Kf1 Rb7 32. Ba3 Ke6 33. Rd3
a5 34. Rb3 Rd7 35. Rc8 Rd8 36. Rc6 Rd7 37. Bc1 Bd8 38. Ra6 Rc7 39. Ba3 Rc8 40.
Rd3 Bc7 41. Bb2 Nf6 42. Rc3 Nd5 43. Rc4 Rb8 44. Ba3 Rb1+ 45. Rc1 Rb7 46. Rcc6
Nb4 1/2-1/2

[Event "Wch Juvenil 2013 sub-16 femenino"]
[Site "Al-Ain UAE"]
[Date "2013.12.28"]
[Round "11.23"]
[White "Aay, Aisyah Anisa"]
[Black "Alijanzadeh, Mohadeseh"]
[Result "1-0"]
[WhiteElo "1900"]
[BlackElo "1846"]
[PlyCount "69"]
[EventDate "2013.12.19"]
[EventType "swiss"]
[EventRounds "11"]
[EventCountry "UAE"]
[Source "lmi"]
[SourceDate "2013.12.19"]

1. e4 c5 2. Nf3 e6 3. d4 cxd4 4. Nxd4 Nf6 5. Bd3 Nc6 6. Nb3 d5 7. exd5 Nxd5 8.
O-O Qf6 9. N1d2 Qd8 10. Re1 Be7 11. Nf3 O-O 12. c3 Qc7 13. g3 Kh8 14. Qe2 b6
15. Bd2 Bb7 16. Rad1 Rad8 17. Bc1 Bf6 18. Bg5 Rd7 19. Bb1 Rfd8 20. Qc2 g6 21.
Rxd5 Bxg5 22. Rxd7 Rxd7 23. Nxg5 Qd8 24. Qc1 a5 25. a4 Ne5 26. Qf4 f6 27. Nd4
Qe7 28. Be4 Bc8 29. Ngf3 Nc4 30. Qc1 e5 31. Bd3 Qc5 32. Qh6 Kg8 33. Ne6 Qe7 34.
Bxc4 Kh8 35. Nf8 1-0

[Event "Wch Juvenil 2013 sub-16 femenino"]
[Site "Al-Ain UAE"]
[Date "2013.12.28"]
[Round "11.25"]
[White "Markaki, Sofia"]
[Black "Schnegg, Anna-Lena"]
[Result "0-1"]
[WhiteElo "1789"]
[BlackElo "2075"]
[PlyCount "52"]
[EventDate "2013.12.19"]
[EventType "swiss"]
[EventRounds "11"]
[EventCountry "UAE"]
[Source "lmi"]
[SourceDate "2013.12.19"]

1. e4 e5 2. Nf3 Nc6 3. d4 exd4 4. Nxd4 Nf6 5. Nxc6 bxc6 6. e5 Qe7 7. Qe2 Nd5 8.
c4 Ba6 9. b3 g6 10. f4 d6 11. Ba3 Nxf4 12. Qe4 Qxe5 13. Qxe5+ dxe5 14. Bxf8
Kxf8 15. g3 Ne6 16. Nc3 Kg7 17. Bg2 Nd4 18. O-O-O Rad8 19. Rde1 Rhe8 20. Re3
Bc8 21. Rhe1 f6 22. Ne2 Bd7 23. Kb2 Bg4 24. Nc3 Nf5 25. Bxc6 Nxe3 26. Bxe8 Rd2+
0-1

[Event "Wch Juvenil 2013 sub-16 femenino"]
[Site "Al-Ain UAE"]
[Date "2013.12.28"]
[Round "11.26"]
[White "Gomez Camacho, Micaela"]
[Black "Haussernot, Cecile"]
[Result "1-0"]
[WhiteElo "1898"]
[BlackElo "2062"]
[PlyCount "81"]
[EventDate "2013.12.19"]
[EventType "swiss"]
[EventRounds "11"]
[EventCountry "UAE"]
[Source "lmi"]
[SourceDate "2013.12.19"]

1. e4 c5 2. Nf3 d6 3. d4 cxd4 4. Nxd4 Nf6 5. Nc3 a6 6. Be3 e5 7. Nb3 Be6 8. Qd2
Be7 9. O-O-O Nc6 10. Bg5 O-O 11. g3 Qc7 12. f4 b5 13. Bxf6 Bxf6 14. f5 Bxb3 15.
cxb3 Nd4 16. Kb1 Qc6 17. Bd3 Bd8 18. Rc1 Qb7 19. Nd5 f6 20. g4 a5 21. h4 a4 22.
b4 Qa7 23. Rc3 Qb7 24. Qg2 Rc8 25. Rxc8 Qxc8 26. g5 Qb7 27. Rg1 Kh8 28. Rc1
fxg5 29. hxg5 g6 30. Rh1 Qg7 31. f6 Qd7 32. Be2 Qa7 33. Bh5 Rg8 34. Bd1 a3 35.
bxa3 Ne6 36. Bb3 Rf8 37. Rh6 Qd4 38. Ne7 Bxe7 39. Rxh7+ Kxh7 40. Qh3+ Kg8 41.
Qxe6+ 1-0

[Event "Wch Juvenil 2013 sub-16 femenino"]
[Site "Al-Ain UAE"]
[Date "2013.12.28"]
[Round "11.27"]
[White "Karimi, Yeganeh"]
[Black "Wafa, Shrook"]
[Result "0-1"]
[WhiteElo "1839"]
[BlackElo "2010"]
[PlyCount "66"]
[EventDate "2013.12.19"]
[EventType "swiss"]
[EventRounds "11"]
[EventCountry "UAE"]
[Source "lmi"]
[SourceDate "2013.12.19"]

1. Nf3 g6 2. g3 Bg7 3. Bg2 Nf6 4. O-O O-O 5. d3 d5 6. Nfd2 c5 7. e4 d4 8. h3 e5
9. f4 exf4 10. gxf4 Nc6 11. Nf3 Nh5 12. Qe1 Be6 13. Nh2 Nb4 14. Na3 Re8 15. Bd2
a5 16. b3 Qd7 17. Rf3 f5 18. e5 Bd5 19. Rf2 Bxg2 20. Rxg2 Nd5 21. Qf2 Bh6 22.
Qh4 Bxf4 23. Nc4 Bxd2 24. Nxd2 Ne3 25. Rg5 Ng7 26. Rg3 Rxe5 27. Nhf3 Ree8 28.
Ng5 Ne6 29. Ndf3 f4 30. Nxe6 fxg3 31. Nxc5 Qf5 32. Ne4 Qxf3 33. Nf6+ Kf7 0-1

[Event "Wch Juvenil 2013 sub-16 femenino"]
[Site "Al-Ain UAE"]
[Date "2013.12.28"]
[Round "11.29"]
[White "Srija, Seshadri"]
[Black "Bulmaga, Elena"]
[Result "1-0"]
[WhiteElo "1980"]
[BlackElo "1820"]
[PlyCount "55"]
[EventDate "2013.12.19"]
[EventType "swiss"]
[EventRounds "11"]
[EventCountry "UAE"]
[Source "lmi"]
[SourceDate "2013.12.19"]

1. e4 c6 2. d4 g6 3. Nc3 Bg7 4. f4 d5 5. e5 e6 6. Nf3 Ne7 7. Bd3 Nd7 8. O-O O-O
9. Be3 b6 10. Ne2 c5 11. c3 Bb7 12. g4 Nc6 13. f5 gxf5 14. gxf5 exf5 15. Bxf5
Ne7 16. Bd3 Ng6 17. Ng3 Ndxe5 18. dxe5 d4 19. cxd4 cxd4 20. Bd2 Bxf3 21. Qxf3
Nxe5 22. Qf5 Nxd3 23. Qxd3 Qd6 24. Nf5 Qg6+ 25. Kf2 Kh8 26. Rg1 Qf6 27. Rxg7
Rg8 28. Rxh7+ 1-0

[Event "Wch Juvenil 2013 sub-16 femenino"]
[Site "Al-Ain UAE"]
[Date "2013.12.28"]
[Round "11.30"]
[White "Virkud, Apurva"]
[Black "Dong, Alice"]
[Result "1-0"]
[WhiteElo "1969"]
[BlackElo "1903"]
[PlyCount "77"]
[EventDate "2013.12.19"]
[EventType "swiss"]
[EventRounds "11"]
[EventCountry "UAE"]
[Source "lmi"]
[SourceDate "2013.12.19"]

1. d4 Nf6 2. c4 e6 3. Nc3 Bb4 4. Qc2 Nc6 5. Nf3 d6 6. Bd2 O-O 7. a3 Bxc3 8.
Bxc3 Qe7 9. e3 e5 10. dxe5 dxe5 11. Be2 Re8 12. O-O a5 13. Rab1 a4 14. Rfd1 Nd7
15. h3 Nc5 16. Bb4 Nxb4 17. axb4 Nb3 18. c5 Qf6 19. Bb5 c6 20. Bxa4 Rxa4 21.
Qxb3 Ra8 22. e4 h6 23. Qe3 Be6 24. Rd6 Ra4 25. Qc3 Rea8 26. b3 Ra3 27. Nxe5 Qf4
28. Nc4 Bxc4 29. Qxc4 Ra2 30. Rf1 Rb2 31. Qd3 Raa2 32. e5 g6 33. e6 Rxf2 34.
exf7+ Kf8 35. Rd8+ Kxf7 36. Qd7+ Kf6 37. Rf8+ Kg5 38. Qe7+ Kh5 39. g4+ 1-0

[Event "Wch Juvenil 2013 sub-16 femenino"]
[Site "Al-Ain UAE"]
[Date "2013.12.28"]
[Round "11.32"]
[White "Saikhanzaya, Ganbaatar"]
[Black "Samudin, Elina"]
[Result "1-0"]
[WhiteElo "1939"]
[BlackElo "1564"]
[PlyCount "49"]
[EventDate "2013.12.19"]
[EventType "swiss"]
[EventRounds "11"]
[EventCountry "UAE"]
[Source "lmi"]
[SourceDate "2013.12.19"]

1. d4 d5 2. c4 e6 3. Nc3 Nf6 4. Bg5 Nbd7 5. Nf3 Be7 6. e3 O-O 7. Bd3 a6 8. a4
dxc4 9. Bxc4 c5 10. O-O b6 11. Qe2 Bb7 12. dxc5 Bxc5 13. Bf4 Ne4 14. Nxe4 Bxe4
15. Rfd1 Qc8 16. Nd4 Qb7 17. f3 Bg6 18. b4 Be7 19. Nxe6 Qa7 20. Nxf8 Nxf8 21.
Bd6 Bf6 22. Rac1 Bg5 23. f4 Bf6 24. Bd3 Bd8 25. f5 1-0

[Event "Wch Juvenil 2013 sub-16 femenino"]
[Site "Al-Ain UAE"]
[Date "2013.12.28"]
[Round "11.33"]
[White "Machlik, Monika"]
[Black "Rodsmoen, Maud"]
[Result "1/2-1/2"]
[WhiteElo "1936"]
[BlackElo "1772"]
[PlyCount "56"]
[EventDate "2013.12.19"]
[EventType "swiss"]
[EventRounds "11"]
[EventCountry "UAE"]
[Source "lmi"]
[SourceDate "2013.12.19"]

1. d4 Nf6 2. c4 g6 3. Nc3 d5 4. cxd5 Nxd5 5. Na4 Bg7 6. e4 Nb6 7. Be3 Nc6 8.
Nf3 O-O 9. h3 f5 10. exf5 Bxf5 11. Nc5 Qd5 12. Be2 Rab8 13. O-O e5 14. dxe5
Nxe5 15. Qxd5+ Nxd5 16. Bd4 Nxf3+ 17. Bxf3 Bxd4 18. Bxd5+ Kg7 19. Nxb7 Bc8 20.
Rac1 c6 21. Rxc6 Rxb7 22. Rxc8 Rxb2 23. Rxf8 Kxf8 24. g4 g5 25. Kg2 Bb6 26. Bb3
Rd2 27. Bc4 h6 28. Bb3 Kg7 1/2-1/2

[Event "Wch Juvenil 2013 sub-16 femenino"]
[Site "Al-Ain UAE"]
[Date "2013.12.28"]
[Round "11.34"]
[White "Alboredo, Julia"]
[Black "Menzi, Nezihe Ezgi"]
[Result "0-1"]
[WhiteElo "1830"]
[BlackElo "1925"]
[PlyCount "88"]
[EventDate "2013.12.19"]
[EventType "swiss"]
[EventRounds "11"]
[EventCountry "UAE"]
[Source "lmi"]
[SourceDate "2013.12.19"]

1. e4 c5 2. Nf3 e6 3. d3 d5 4. Nbd2 Nc6 5. g3 Nf6 6. Bg2 Be7 7. O-O O-O 8. Re1
Qc7 9. c3 b5 10. Qe2 Bb7 11. e5 Nd7 12. Nf1 Rac8 13. h4 d4 14. Bf4 Nb6 15. cxd4
Nxd4 16. Nxd4 Bxg2 17. Nxb5 Qb7 18. Nc3 Bf3 19. Qe3 Bh1 20. Ne4 Nd5 21. Qd2 Bf3
22. Nh2 Bh5 23. Bg5 Bg6 24. Bxe7 Qxe7 25. Rac1 Rfd8 26. a3 Nb6 27. Qe3 Rd5 28.
Ng4 h5 29. Ngf6+ gxf6 30. Nxf6+ Kg7 31. Qg5 Rh8 32. g4 Kf8 33. f4 Rxd3 34. Kh2
Rd2+ 35. Kg3 Qb7 36. Rg1 Rd3+ 37. Kh2 Qf3 38. Rg2 Qh3+ 39. Kg1 Qe3+ 40. Kh2
hxg4 41. Rf1 Qh3+ 42. Kg1 Rxh4 43. f5 Qh1+ 44. Kf2 Rf3+ 0-1

[Event "Wch Juvenil 2013 sub-16 femenino"]
[Site "Al-Ain UAE"]
[Date "2013.12.28"]
[Round "11.36"]
[White "Shao, Stephanie"]
[Black "Hong, Xing"]
[Result "0-1"]
[WhiteElo "1673"]
[BlackElo "1980"]
[PlyCount "92"]
[EventDate "2013.12.19"]
[EventType "swiss"]
[EventRounds "11"]
[EventCountry "UAE"]
[Source "lmi"]
[SourceDate "2013.12.19"]

1. e4 c5 2. Nc3 Nc6 3. f4 e6 4. Nf3 d5 5. Bb5 a6 6. Bxc6+ bxc6 7. e5 Nh6 8. O-O
Be7 9. d3 O-O 10. Ne2 a5 11. b3 Ba6 12. Ng3 c4 13. bxc4 Qb6+ 14. Kh1 dxc4 15.
d4 Rfd8 16. c3 c5 17. Ba3 Bf8 18. Qc1 Nf5 19. Nxf5 exf5 20. Rb1 Qc6 21. Qe3
cxd4 22. Nxd4 Qg6 23. Bxf8 Rxf8 24. Qh3 Bc8 25. Rb2 Ra6 26. Rfb1 Rd8 27. Rb5 h6
28. Rc5 Rb6 29. Rcb5 Rxb5 30. Rxb5 Qc6 31. Rb1 Qe4 32. Rf1 Bb7 33. Qg3 Rc8 34.
Nb5 Qe2 35. Qf2 Qxf2 36. Rxf2 Be4 37. Kg1 Rb8 38. Nd4 a4 39. a3 Rb1+ 40. Rf1
Rb3 41. Rc1 Rxa3 42. g3 Ra2 43. Re1 Rg2+ 44. Kf1 Rxh2 45. Ne2 Bd3 46. g4 fxg4
0-1

[Event "Wch Juvenil 2013 sub-16 femenino"]
[Site "Al-Ain UAE"]
[Date "2013.12.28"]
[Round "11.37"]
[White "Assaubayeva, Diana"]
[Black "Poteat, Lilia M"]
[Result "1-0"]
[WhiteElo "1974"]
[BlackElo "1866"]
[PlyCount "73"]
[EventDate "2013.12.19"]
[EventType "swiss"]
[EventRounds "11"]
[EventCountry "UAE"]
[Source "lmi"]
[SourceDate "2013.12.19"]

1. c4 e6 2. g3 Nf6 3. Bg2 d5 4. Nf3 Be7 5. O-O O-O 6. b3 c5 7. Bb2 Nc6 8. e3 b6
9. d3 Bb7 10. Qe2 Rc8 11. Nc3 Qc7 12. Rfd1 Rfd8 13. Rac1 Qb8 14. cxd5 Nxd5 15.
a3 Bf6 16. Nxd5 Bxb2 17. Qxb2 exd5 18. d4 cxd4 19. Nxd4 Ne5 20. Rxc8 Qxc8 21.
Qc2 a6 22. Rc1 Qd7 23. Qf5 Qd6 24. Qf4 f6 25. Bh3 Re8 26. b4 g6 27. Kg2 a5 28.
bxa5 bxa5 29. a4 Qb6 30. Rc3 Nc4 31. Rb3 Qa6 32. Qc7 Bc8 33. Bxc8 Rxc8 34. Qd7
Nd2 35. Rb5 Qa8 36. Rb7 Qa6 37. Qg7# 1-0

[Event "Wch Juvenil 2013 sub-16 femenino"]
[Site "Al-Ain UAE"]
[Date "2013.12.28"]
[Round "11.38"]
[White "Golubeva, Marija"]
[Black "Rojikova, Lenka"]
[Result "1-0"]
[WhiteElo "1825"]
[BlackElo "1943"]
[PlyCount "53"]
[EventDate "2013.12.19"]
[EventType "swiss"]
[EventRounds "11"]
[EventCountry "UAE"]
[Source "lmi"]
[SourceDate "2013.12.19"]

1. e4 c5 2. c3 d5 3. exd5 Qxd5 4. d4 g6 5. Nf3 Bg7 6. Be2 Nf6 7. c4 Qd6 8. Nc3
a6 9. dxc5 Qxc5 10. Be3 Qc7 11. O-O Nc6 12. Rc1 Bf5 13. Nd5 Qd6 14. Qb3 O-O 15.
Rfd1 Nxd5 16. cxd5 Ne5 17. Bc5 Qd7 18. d6 Nxf3+ 19. Bxf3 e5 20. Qxb7 Rab8 21.
Qxd7 Bxd7 22. b3 Rfd8 23. Ba7 Rbc8 24. Bb6 Rxc1 25. Rxc1 Rc8 26. Rxc8+ Bxc8 27.
Bc6 1-0

[Event "Wch Juvenil 2013 sub-16 femenino"]
[Site "Al-Ain UAE"]
[Date "2013.12.28"]
[Round "11.39"]
[White "Mendez Tovar, Rosario Trin"]
[Black "Sunyasakta, Satpathy"]
[Result "0-1"]
[WhiteElo "1612"]
[BlackElo "1899"]
[PlyCount "64"]
[EventDate "2013.12.19"]
[EventType "swiss"]
[EventRounds "11"]
[EventCountry "UAE"]
[Source "lmi"]
[SourceDate "2013.12.19"]

1. d4 d5 2. c4 e6 3. Nc3 Nf6 4. Nf3 Nbd7 5. e3 Be7 6. Bd3 c5 7. O-O O-O 8. b3
b6 9. Qc2 Bb7 10. cxd5 exd5 11. Bb2 Rc8 12. Qe2 Re8 13. Bb5 Bd6 14. Rac1 Re6
15. Rfd1 Ne4 16. Bxd7 Qxd7 17. Nxe4 dxe4 18. Ng5 Rg6 19. dxc5 Rxg5 20. Rxd6 Qh3
21. Qf1 Ba6 22. Rcd1 h6 23. Kh1 Bxf1 24. gxh3 Bg2+ 25. Kg1 Bxh3+ 26. Kh1 Bg2+
27. Kg1 Bf3+ 28. Kf1 Bxd1 29. cxb6 Bc2 30. bxa7 Bd3+ 31. Rxd3 exd3 32. Ke1 Ra5
0-1